Los intelectuales y las instituciónes de la cultura / (Record no. 83663)

MARC details
000 -CABECERA
campo de control de longitud fija 00801nam a2200253 a 4500
005 - FECHA Y HORA DE LA ÚLTIMA TRANSACCIÓN
campo de control 20250703063903.0
008 - ELEMENTOS DE LONGITUD FIJA--INFORMACIÓN GENERAL
campo de control de longitud fija 010717s1989 mx r 000 0 spa d
020 ## - NÚMERO INTERNACIONAL NORMALIZADO PARA LIBROS
Número Internacional Estándar del Libro 9688406376
035 ## - NÚMERO DE CONTROL DEL SISTEMA
Número de control de sistema UPN01000109753
049 ## - COLECCIÓN
Colección CG
050 #4 - SIGNATURA TOPOGRÁFICA DE LA BIBLIOTECA DEL CONGRESO
Número de clasificación HM213
Número de documento/Ítem B7.5 1989
100 1# - ASIENTO PRINCIPAL--NOMBRE PERSONAL
Nombre de persona Brunner Ried, José Joaquín,
Fechas asociadas al nombre 1944-
9 (RLIN) 31776
245 14 - MENCIÓN DE TÍTULO
Título Los intelectuales y las instituciónes de la cultura /
Mención de responsabilidad, etc. José Joaquín Brunner, Angel Flisfisch.
250 ## - MENCIÓN DE EDICIÓN
Mención de edición 2a ed.
260 ## - PUBLICACIÓN, DISTRIBUCIÓN, ETC.
Lugar de publicación, distribución, etc. México :
Nombre del editor, distribuidor, etc. UAM-Azcapotzalco :
-- ANUIES,
Fecha de publicación, distribución, etc. 1989.
300 ## - DESCRIPCIÓN FÍSICA
Extensión 212 p.
440 #0 - MENCIÓN DE SERIE/ASIENTO SECUNDARIO--TÍTULO
Título Ensayos
590 ## - NOTA LOCAL (RLIN)
Nota local Bibliografía Básica (BGTQ)
590 ## - NOTA LOCAL (RLIN)
Nota local (También localizas un ejemplar en el "Area de Reserva")
650 #2 - ASIENTO SECUNDARIO DE MATERIA - TERMINO TEMATICO
Término de materia o nombre geográfico como elemento de entrada Intelectuales
9 (RLIN) 26506
650 #4 - ASIENTO SECUNDARIO DE MATERIA - TERMINO TEMATICO
Término de materia o nombre geográfico como elemento de entrada Cultura
9 (RLIN) 7095
700 1# - ASIENTO SECUNDARIO--NOMBRE DE PERSONAL
Nombre de persona Flisfisch, Angel,
Término indicativo de función/relación coaut.
905 ## - TIPO DE MATERIAL
Tipo de material Libro
Holdings
Estado de retiro Estado de pérdida Fuente del sistema de clasificación o colocación Estado dañado No para préstamo Código de colección Localización permanente Ubicación/localización actual Ubicación en estantería Total de préstamos Clasificación Código de barras Fecha visto por última vez Número de copia Tipo de ítem Koha Restricciones de uso Fecha de adquisición
    Library of Congress Classification     Colección General Bib. Gregorio Torres Quintero Bib. Gregorio Torres Quintero Planta baja 1 HM213 B7.5 1989 183234 31/12/2020 1 Libro    
    Library of Congress Classification     Bibliografía básica Bib. Gregorio Torres Quintero Bib. Gregorio Torres Quintero Colecciones especiales Planta alta 2 HM213 B7.5 1989 183227 31/12/2020 1 Libro por horas Préstamo por horas 30/01/2023